000 01173namaa22003011i 4500
003 EG-GICUC
005 20260215153411.0
008 260215s1989 mr ||||jr|||| 000 0 ara d
040 _aEG-GiCUC
_bara
_cEG-GiCUC
_dEG-GiCUC
_erda
082 0 4 _221
_a811.6
_bK455
092 0 4 _221
_a811.6
_bK455
099 _a811.6 K455
100 0 _aابن الخطيب،
_d1313-1374
_eمؤلف.
245 1 _aديوان لسان الدين بن الخطيب السلمانى /
_cصنعه وحققه وقدم له الدكتور محمد مفتاح
250 _aالطبعة الاولى
264 _aالدار البيضاء (المغرب) :
_bدار الثقافة،
_c1989
300 _a؛ 2 مجلد
_c24 سم
336 _2rdacontent
_atext
337 _2rdamedia
_aUnmediated
338 _2rdacarrier
_avolume
504 _aيشتمل على ارجاعات ببليوجرافية
541 _aد. جابر عصفور ؛
_bالقاهرة ؛
_cإهداء ؛
_d2024.
650 1 7 _aالشعر العربى
_xتاريخ ونقد
_yالعصر الاندلسى
_2qrmak
651 1 _2qrmak
700 1 _aمفتاح، محمد
_eمحقق.
905 _aHuda
942 _2ddc
_cBK
_e21
_n0
999 _c178506
_d178506